[Event "V4 Liptov 2017"]
[Site "?"]
[Date "2017.06.23"]
[Round "5.9"]
[White "Volaninova, Sarka"]
[Black "Hrebicik, David"]
[Result "0-1"]
[BlackElo "1775"]
[WhiteElo "1724"]
[LiveChessVersion "1.4.8"]

1. d4 {[%clk 1:00:58]} d5 {[%clk 0:59:48]} 2. c4 {[%clk 1:01:17]} e6
{[%clk 1:00:11]} 3. Nc3 {[%clk 1:01:27]} Be7 {[%clk 1:00:26]} 4. Nf3
{[%clk 1:01:30]} Nf6 {[%clk 1:00:49]} 5. Bg5 {[%clk 1:00:38]} h6 {[%clk 1:01:06]}
6. Bh4 {[%clk 1:00:40]} O-O {[%clk 1:00:32]} 7. e3 {[%clk 1:00:31]} b6
{[%clk 0:58:27]} 8. cxd5 {[%clk 1:00:05]} Nxd5 {[%clk 0:58:14]} 9. Bxe7
{[%clk 0:57:15]} Qxe7 {[%clk 0:58:16]} 10. Nxd5 {[%clk 0:56:45]} exd5
{[%clk 0:58:39]} 11. Rc1 {[%clk 0:55:25]} Bb7 {[%clk 0:51:36]} 12. Bd3
{[%clk 0:53:32]} c5 {[%clk 0:49:21]} 13. dxc5 {[%clk 0:50:12]} bxc5
{[%clk 0:49:33]} 14. O-O {[%clk 0:49:45]} Nd7 {[%clk 0:46:22]} 15. Qe2
{[%clk 0:49:38]} Nb6 {[%clk 0:40:39]} 16. Ba6 {[%clk 0:47:16]} Rac8
{[%clk 0:33:02]} 17. Bxb7 {[%clk 0:46:31]} Qxb7 {[%clk 0:33:24]} 18. Rfd1
{[%clk 0:45:08]} Rfe8 {[%clk 0:31:30]} 19. Qd2 {[%clk 0:43:55]} Red8
{[%clk 0:25:22]} 20. b3 {[%clk 0:41:07]} Qa6 {[%clk 0:22:07]} 21. Rc3
{[%clk 0:36:09]} Qb5 {[%clk 0:17:16]} 22. Rdc1 {[%clk 0:35:16]} Qa5
{[%clk 0:10:06]} 23. Qc2 {[%clk 0:33:40]} Nd7 {[%clk 0:06:20]} 24. Qd2
{[%clk 0:31:27]} Nf6 {[%clk 0:05:54]} 25. R3c2 {[%clk 0:29:25]} Qa3
{[%clk 0:03:29]} 26. Qe2 {[%clk 0:28:24]} Rc7 {[%clk 0:02:28]} 27. Qb5
{[%clk 0:26:34]} a6 {[%clk 0:01:58]} 28. Qe2 {[%clk 0:24:36]} Rdc8
{[%clk 0:01:43]} 29. Nd2 {[%clk 0:23:14]} Qa5 {[%clk 0:01:25]} 30. Nf3
{[%clk 0:21:26]} Qb5 {[%clk 0:01:37]} 31. Ne5 {[%clk 0:18:55]} Qxe2
{[%clk 0:00:52]} 32. Rxe2 {[%clk 0:19:17]} Kf8 {[%clk 0:00:52]} 33. Rec2
{[%clk 0:19:10]} Ke7 {[%clk 0:00:53]} 34. Kf1 {[%clk 0:18:38]} Ke6
{[%clk 0:00:53]} 35. Nd3 {[%clk 0:18:28]} Kd6 {[%clk 0:00:53]} 36. Ke2
{[%clk 0:18:00]} Ng4 {[%clk 0:00:44]} 37. h3 {[%clk 0:18:03]} Ne5
{[%clk 0:01:04]} 38. Nxe5 {[%clk 0:17:25]} Kxe5 {[%clk 0:01:27]} 39. Kd3
{[%clk 0:17:38]} Kd6 {[%clk 0:00:53]} 40. Rc3 {[%clk 0:16:57]} Re8
{[%clk 0:01:03]} 41. R1c2 {[%clk 0:16:45]} Re6 {[%clk 0:01:05]} 42. h4
{[%clk 0:16:34]} Re4 {[%clk 0:00:48]} 43. g3 {[%clk 0:16:44]} a5 {[%clk 0:00:51]}
44. Rc1 {[%clk 0:15:25]} a4 {[%clk 0:00:55]} 45. bxa4 {[%clk 0:15:17]} Rxa4
{[%clk 0:01:19]} 46. R1c2 {[%clk 0:15:05]} c4+ {[%clk 0:01:12]} 47. Ke2
{[%clk 0:13:50]} Rca7 {[%clk 0:01:14]} 48. e4 {[%clk 0:11:20]} Re7
{[%clk 0:01:29]} 49. f3 {[%clk 0:10:37]} Kc5 {[%clk 0:01:49]} 50. Kf2
{[%clk 0:08:56]} d4 {[%clk 0:01:50]} 0-1

[Event "V4 Liptov 2017"]
[Site "?"]
[Date "2017.06.23"]
[Round "5.10"]
[White "Bielik, Jakub"]
[Black "Ptacek, Jan"]
[Result "1-0"]
[BlackElo "1705"]
[WhiteElo "1879"]
[LiveChessVersion "1.4.8"]

1. e4 {[%clk 1:00:52]} c5 {[%clk 1:00:53]} 2. Nf3 {[%clk 1:01:12]} d6
{[%clk 1:01:13]} 3. Bb5+ {[%clk 1:01:36]} Nc6 {[%clk 1:01:35]} 4. Bxc6+
{[%clk 1:01:51]} bxc6 {[%clk 1:01:57]} 5. O-O {[%clk 1:02:16]} e6
{[%clk 0:54:27]} 6. Re1 {[%clk 1:00:42]} g6 {[%clk 0:53:44]} 7. c3
{[%clk 0:59:21]} Bg7 {[%clk 0:53:41]} 8. d4 {[%clk 0:59:24]} cxd4
{[%clk 0:52:50]} 9. cxd4 {[%clk 0:59:31]} Ne7 {[%clk 0:52:31]} 10. Nc3
{[%clk 0:59:13]} O-O {[%clk 0:51:00]} 11. Bg5 {[%clk 0:58:39]} h6
{[%clk 0:45:09]} 12. Be3 {[%clk 0:58:45]} f5 {[%clk 0:41:23]} 13. Rc1
{[%clk 0:43:33]} f4 {[%clk 0:36:09]} 14. Bd2 {[%clk 0:43:55]} e5 {[%clk 0:36:21]}
15. dxe5 {[%clk 0:42:25]} dxe5 {[%clk 0:36:43]} 16. Qb3+ {[%clk 0:42:04]} Kh7
{[%clk 0:36:53]} 17. Red1 {[%clk 0:41:32]} Qe8 {[%clk 0:36:23]} 18. Na4
{[%clk 0:40:41]} g5 {[%clk 0:29:43]} 19. Bb4 {[%clk 0:26:21]} g4 {[%clk 0:26:30]}
20. Ne1 {[%clk 0:26:08]} g3 {[%clk 0:24:31]} 21. fxg3 {[%clk 0:24:40]} fxg3
{[%clk 0:22:30]} 22. Qxg3 {[%clk 0:24:52]} Ba6 {[%clk 0:22:23]} 23. Nd3
{[%clk 0:21:39]} c5 {[%clk 0:18:20]} 24. Naxc5 {[%clk 0:21:20]} Bxd3
{[%clk 0:18:15]} 25. Nxd3 {[%clk 0:20:54]} Rb8 {[%clk 0:18:07]} 26. a3
{[%clk 0:19:29]} 1-0

[Event "V4 Liptov 2017"]
[Site "?"]
[Date "2017.06.23"]
[Round "5.11"]
[White "Cipl, Jan"]
[Black "Tomcikova, Zuzana"]
[Result "0-1"]
[BlackElo "1736"]
[WhiteElo "1310"]
[LiveChessVersion "1.4.8"]

1. e4 {[%clk 1:00:50]} c6 {[%clk 1:00:56]} 2. d4 {[%clk 1:00:59]} d5
{[%clk 1:01:22]} 3. exd5 {[%clk 1:01:11]} cxd5 {[%clk 1:01:46]} 4. Nc3
{[%clk 1:01:03]} Nf6 {[%clk 1:02:09]} 5. Nf3 {[%clk 1:00:43]} Bg4
{[%clk 1:02:06]} 6. Be2 {[%clk 0:59:58]} e6 {[%clk 1:01:26]} 7. O-O
{[%clk 0:59:28]} Be7 {[%clk 1:00:43]} 8. Ne5 {[%clk 0:57:21]} Bxe2
{[%clk 1:00:35]} 9. Qxe2 {[%clk 0:57:08]} O-O {[%clk 1:00:35]} 10. Qf3
{[%clk 0:55:42]} Nc6 {[%clk 1:00:17]} 11. Ne2 {[%clk 0:53:59]} Qc7
{[%clk 0:58:21]} 12. Qg3 {[%clk 0:52:21]} Ne4 {[%clk 0:57:52]} 13. Qf4
{[%clk 0:49:01]} Bg5 {[%clk 0:57:15]} 14. Qg4 {[%clk 0:48:12]} Bxc1
{[%clk 0:56:40]} 15. Raxc1 {[%clk 0:47:12]} Nxe5 {[%clk 0:56:37]} 16. dxe5
{[%clk 0:47:32]} Qxe5 {[%clk 0:56:52]} 17. f3 {[%clk 0:45:56]} Nf6
{[%clk 0:56:09]} 18. Qd4 {[%clk 0:42:25]} Qxe2 19. c4 e5 {[%clk 0:52:44]} 20. Qc3
{[%clk 0:34:03]} d4 {[%clk 0:52:32]} 21. Qb3 {[%clk 0:32:27]} Qe3+
{[%clk 0:52:38]} 22. Qxe3 {[%clk 0:32:42]} dxe3 {[%clk 0:53:03]} 23. Rfe1
{[%clk 0:33:06]} Rad8 {[%clk 0:52:44]} 24. Rxe3 {[%clk 0:33:08]} Rfe8
{[%clk 0:53:01]} 25. Rce1 {[%clk 0:33:14]} h6 {[%clk 0:51:18]} 26. Rxe5
{[%clk 0:32:54]} Rxe5 {[%clk 0:51:45]} 27. Rxe5 {[%clk 0:33:12]} Rd1+
{[%clk 0:52:11]} 28. Kf2 {[%clk 0:33:12]} Rd2+ {[%clk 0:52:35]} 29. Re2
{[%clk 0:33:16]} Rxe2+ {[%clk 0:52:57]} 30. Kxe2 {[%clk 0:33:42]} Kf8
{[%clk 0:53:18]} 31. Kd3 {[%clk 0:33:59]} Ke7 {[%clk 0:53:41]} 32. Kd4
{[%clk 0:34:12]} b6 {[%clk 0:53:32]} 33. Ke5 {[%clk 0:34:18]} Nd7+
{[%clk 0:53:41]} 34. Kd5 {[%clk 0:34:14]} Nc5 {[%clk 0:52:46]} 35. Kc6
{[%clk 0:34:07]} Kd8 {[%clk 0:52:28]} 36. b4 {[%clk 0:33:07]} Nd3
{[%clk 0:52:53]} 37. a3 {[%clk 0:33:24]} Ne5+ {[%clk 0:52:58]} 38. Kb5
{[%clk 0:31:08]} Kc7 {[%clk 0:53:07]} 39. c5 {[%clk 0:30:39]} bxc5
{[%clk 0:53:13]} 40. Kxc5 {[%clk 0:30:29]} Nd3+ {[%clk 0:53:26]} 41. Kb5
{[%clk 0:30:33]} Ne1 {[%clk 0:53:05]} 42. g3 {[%clk 0:30:37]} Nxf3
{[%clk 0:53:29]} 43. Ka6 {[%clk 0:30:58]} Kb8 {[%clk 0:53:51]} 44. a4
{[%clk 0:30:44]} Nxh2 {[%clk 0:54:11]} 0-1

[Event "V4 Liptov 2017"]
[Site "?"]
[Date "2017.06.23"]
[Round "5.13"]
[White "Janecek, Miroslav"]
[Black "Bochnicka, Vladimir"]
[Result "1-0"]
[BlackElo "1926"]
[WhiteElo "1592"]
[LiveChessVersion "1.4.8"]

1. d4 {[%clk 1:00:55]} Nf6 {[%clk 1:00:55]} 2. c4 {[%clk 1:01:08]} g6
{[%clk 1:01:19]} 3. Nc3 {[%clk 1:01:32]} Bg7 {[%clk 1:01:43]} 4. e4
{[%clk 1:01:48]} d6 {[%clk 1:02:09]} 5. f3 {[%clk 1:02:13]} O-O {[%clk 1:02:23]}
6. Be3 {[%clk 1:01:43]} e5 {[%clk 1:01:07]} 7. d5 {[%clk 1:01:21]} a5
{[%clk 0:52:53]} 8. Qd2 {[%clk 1:01:16]} Na6 {[%clk 0:52:10]} 9. g4
{[%clk 1:00:26]} h5 {[%clk 0:50:33]} 10. gxh5 {[%clk 0:55:33]} Nxh5
{[%clk 0:48:22]} 11. O-O-O {[%clk 0:53:43]} Nc5 {[%clk 0:46:30]} 12. Bh3
{[%clk 0:50:09]} Bxh3 {[%clk 0:40:57]} 13. Nxh3 {[%clk 0:49:59]} Qh4
{[%clk 0:35:14]} 14. Nf2 {[%clk 0:39:44]} Nf4 {[%clk 0:34:46]} 15. Kb1
{[%clk 0:33:09]} a4 {[%clk 0:26:14]} 16. Bxc5 {[%clk 0:31:00]} dxc5
{[%clk 0:26:15]} 17. Nd3 {[%clk 0:31:02]} b6 {[%clk 0:25:21]} 18. Rdg1
{[%clk 0:23:22]} a3 {[%clk 0:23:48]} 19. Rg4 {[%clk 0:20:30]} Qe7
{[%clk 0:18:41]} 20. b3 {[%clk 0:20:02]} Rfd8 {[%clk 0:15:35]} 21. h4
{[%clk 0:17:57]} c6 {[%clk 0:14:49]} 22. Nxf4 {[%clk 0:11:50]} exf4
{[%clk 0:15:12]} 23. h5 {[%clk 0:11:58]} Qe5 {[%clk 0:04:51]} 24. Kc2
{[%clk 0:10:36]} gxh5 {[%clk 0:04:26]} 25. Rxf4 {[%clk 0:09:21]} b5
{[%clk 0:03:30]} 26. Rf5 {[%clk 0:07:37]} Qe7 {[%clk 0:01:14]} 27. Rfxh5
{[%clk 0:05:44]} bxc4 {[%clk 0:01:29]} 28. Qg2 {[%clk 0:03:27]} cxb3+
{[%clk 0:01:30]} 29. axb3 {[%clk 0:03:10]} f5 {[%clk 0:01:12]} 30. Qg6
{[%clk 0:03:08]} 1-0

[Event "V4 Liptov 2017"]
[Site "?"]
[Date "2017.06.23"]
[Round "5.14"]
[White "Sandor, Martin"]
[Black "Vavrinkova, Anna"]
[Result "1-0"]
[BlackElo "1485"]
[WhiteElo "1858"]
[LiveChessVersion "1.4.8"]

1. e4 {[%clk 1:00:55]} e5 {[%clk 1:00:37]} 2. Nf3 {[%clk 1:01:23]} Nf6
{[%clk 0:59:50]} 3. Nc3 {[%clk 1:01:47]} Bb4 {[%clk 0:57:52]} 4. Nxe5
{[%clk 0:54:19]} O-O {[%clk 0:54:42]} 5. Be2 {[%clk 0:43:08]} d6 {[%clk 0:54:22]}
6. Nd3 {[%clk 0:42:57]} Bxc3 {[%clk 0:54:09]} 7. dxc3 {[%clk 0:43:00]} Nxe4
{[%clk 0:53:52]} 8. O-O {[%clk 0:42:11]} Bf5 {[%clk 0:53:00]} 9. Re1
{[%clk 0:39:03]} Re8 {[%clk 0:52:07]} 10. Bg4 {[%clk 0:35:18]} Qf6
{[%clk 0:48:57]} 11. Qf3 {[%clk 0:30:29]} Bg6 {[%clk 0:45:24]} 12. Nf4
{[%clk 0:26:58]} Nc6 {[%clk 0:44:26]} 13. Nxg6 {[%clk 0:25:14]} Qxg6
{[%clk 0:41:54]} 14. Bf5 {[%clk 0:22:23]} Ng5 {[%clk 0:41:33]} 15. Bxg5
{[%clk 0:21:59]} Qxg5 {[%clk 0:41:51]} 16. Be4 {[%clk 0:18:11]} Ne5
{[%clk 0:41:26]} 17. Qf5 {[%clk 0:17:07]} Qxf5 {[%clk 0:41:12]} 18. Bxf5
{[%clk 0:17:35]} c6 {[%clk 0:41:17]} 19. Rad1 {[%clk 0:16:34]} d5
{[%clk 0:41:22]} 20. f4 {[%clk 0:15:38]} Nc4 {[%clk 0:41:09]} 21. Rxe8+
{[%clk 0:07:18]} Rxe8 {[%clk 0:41:28]} 22. b3 {[%clk 0:07:25]} Nd6
{[%clk 0:41:16]} 23. Bd3 {[%clk 0:07:39]} f6 {[%clk 0:40:02]} 24. Kf2
{[%clk 0:07:33]} h6 {[%clk 0:40:20]} 25. Re1 {[%clk 0:05:28]} Rxe1
{[%clk 0:40:36]} 26. Kxe1 {[%clk 0:05:57]} Kf7 {[%clk 0:40:57]} 27. Ke2
{[%clk 0:05:53]} Ke6 {[%clk 0:40:47]} 28. Kf3 {[%clk 0:05:47]} f5
{[%clk 0:39:43]} 29. g3 {[%clk 0:05:21]} h5 {[%clk 0:38:33]} 30. Ke3
{[%clk 0:03:24]} c5 {[%clk 0:37:34]} 31. a4 {[%clk 0:01:53]} a5 {[%clk 0:36:50]}
32. h4 {[%clk 0:00:46]} Ne4 {[%clk 0:33:18]} 33. Bxe4 {[%clk 0:01:06]} fxe4
{[%clk 0:33:24]} 34. c4 {[%clk 0:01:33]} g6 {[%clk 0:31:38]} 35. cxd5+
{[%clk 0:01:27]} Kxd5 {[%clk 0:32:02]} 36. c4+ {[%clk 0:01:51]} Kd6
{[%clk 0:31:48]} 37. Kxe4 {[%clk 0:01:55]} Ke6 {[%clk 0:32:13]} 38. Ke3
{[%clk 0:01:34]} Kf5 {[%clk 0:32:01]} 39. Kf3 {[%clk 0:01:55]} b6
{[%clk 0:32:24]} 40. Ke3 {[%clk 0:02:14]} Kf6 {[%clk 0:30:45]} 41. Kf2
{[%clk 0:02:26]} Kf5 {[%clk 0:30:58]} 42. Kf3 {[%clk 0:02:32]} Kf6
{[%clk 0:30:36]} 43. g4 {[%clk 0:02:28]} Kf7 {[%clk 0:30:07]} 44. gxh5
{[%clk 0:02:21]} gxh5 {[%clk 0:30:29]} 45. f5 {[%clk 0:02:43]} 1-0

[Event "V4 Liptov 2017"]
[Site "?"]
[Date "2017.06.23"]
[Round "5.15"]
[White "Havel, Kristian"]
[Black "Valigursky, Michal"]
[Result "0-1"]
[BlackElo "1713"]
[WhiteElo "1447"]
[LiveChessVersion "1.4.8"]

1. e4 {[%clk 1:00:59]} e5 {[%clk 1:00:50]} 2. Nf3 {[%clk 1:01:20]} Nc6
{[%clk 1:01:08]} 3. Bb5 {[%clk 1:01:12]} a6 {[%clk 1:01:25]} 4. Ba4
{[%clk 1:01:15]} Nf6 {[%clk 1:01:08]} 5. O-O {[%clk 1:01:21]} b5 {[%clk 1:01:24]}
6. Bb3 {[%clk 1:01:28]} d6 {[%clk 0:59:23]} 7. Re1 {[%clk 1:01:22]} Be7
{[%clk 0:59:43]} 8. Nc3 {[%clk 0:59:16]} Bg4 {[%clk 0:55:44]} 9. Nd5
{[%clk 0:57:13]} Nd4 {[%clk 0:55:22]} 10. Nxf6+ {[%clk 0:55:08]} Bxf6
{[%clk 0:47:10]} 11. c3 {[%clk 0:54:44]} Nxf3+ {[%clk 0:47:29]} 12. gxf3
{[%clk 0:55:08]} Bh3 {[%clk 0:47:43]} 13. d3 {[%clk 0:51:50]} Bg5
{[%clk 0:47:16]} 14. f4 {[%clk 0:49:28]} Bxf4 {[%clk 0:39:35]} 15. Bxf4
{[%clk 0:48:59]} exf4 {[%clk 0:39:57]} 16. Qh5 {[%clk 0:49:03]} Qd7
{[%clk 0:40:16]} 17. Bxf7+ {[%clk 0:47:23]} Qxf7 {[%clk 0:40:32]} 18. Qxh3
{[%clk 0:47:41]} O-O {[%clk 0:40:14]} 19. f3 {[%clk 0:45:56]} Rae8
{[%clk 0:39:32]} 20. Kf2 {[%clk 0:32:20]} Re6 {[%clk 0:39:25]} 21. Qf5
{[%clk 0:28:37]} Qe7 {[%clk 0:37:24]} 22. Qd5 {[%clk 0:27:05]} Qh4+
{[%clk 0:36:12]} 23. Kg2 {[%clk 0:24:24]} Rff6 {[%clk 0:35:46]} 24. Rg1
{[%clk 0:19:28]} Rh6 {[%clk 0:34:58]} 25. Kf1 {[%clk 0:17:14]} Qxh2
{[%clk 0:30:05]} 26. Qg5 {[%clk 0:14:11]} Rhg6 {[%clk 0:26:01]} 27. Qd8+
{[%clk 0:13:09]} Kf7 {[%clk 0:26:25]} 28. Qxc7+ {[%clk 0:13:02]} Re7
{[%clk 0:26:31]} 29. Qb6 {[%clk 0:12:43]} Qxb2 {[%clk 0:21:19]} 30. Rd1
{[%clk 0:09:12]} Qc2 {[%clk 0:20:10]} 31. Re1 {[%clk 0:08:03]} Qxd3+
{[%clk 0:19:46]} 32. Kf2 {[%clk 0:07:02]} Rh6 {[%clk 0:15:45]} 33. Rd1
{[%clk 0:00:33]} Rh2+ {[%clk 0:15:33]} 34. Rde1 Rh6 35. Qd4 0-1

[Event "V4 Liptov 2017"]
[Site "?"]
[Date "2017.06.23"]
[Round "5.16"]
[White "Vozarova, Adriana"]
[Black "Janosova, Katerina Anna"]
[Result "1/2-1/2"]
[BlackElo "1334"]
[WhiteElo "1681"]
[LiveChessVersion "1.4.8"]

1. e4 {[%clk 0:58:48]} e5 {[%clk 1:00:43]} 2. Nf3 {[%clk 0:59:11]} Nf6
{[%clk 1:01:02]} 3. Nxe5 {[%clk 0:59:23]} d6 {[%clk 1:01:13]} 4. Nf3
{[%clk 0:59:46]} Nxe4 {[%clk 1:01:33]} 5. d4 d5 {[%clk 1:01:48]} 6. Bd3
{[%clk 0:58:04]} Bf5 {[%clk 1:02:05]} 7. O-O {[%clk 0:57:37]} Bd6
{[%clk 1:00:44]} 8. Re1 {[%clk 0:56:23]} O-O {[%clk 1:00:13]} 9. c4
{[%clk 0:55:22]} c6 {[%clk 1:00:20]} 10. Nc3 {[%clk 0:50:43]} Bb4
{[%clk 0:59:30]} 11. Qc2 {[%clk 0:47:50]} Re8 {[%clk 0:57:49]} 12. a3
{[%clk 0:44:06]} Bxc3 {[%clk 0:57:40]} 13. bxc3 {[%clk 0:38:31]} Nd7
{[%clk 0:57:13]} 14. Qb3 {[%clk 0:35:48]} Nec5 {[%clk 0:51:52]} 15. dxc5
{[%clk 0:28:21]} Nxc5 {[%clk 0:50:49]} 16. Qd1 {[%clk 0:19:12]} Nxd3
{[%clk 0:49:34]} 17. Rxe8+ {[%clk 0:19:00]} Qxe8 {[%clk 0:49:35]} 18. Nd4
{[%clk 0:16:31]} Qe5 {[%clk 0:42:58]} 19. cxd5 {[%clk 0:12:51]} Qxd5
{[%clk 0:40:05]} 20. Be3 {[%clk 0:12:05]} Be4 {[%clk 0:36:37]} 21. f3
{[%clk 0:11:13]} Bf5 {[%clk 0:36:23]} 22. Qb1 {[%clk 0:10:33]} b6
{[%clk 0:34:04]} 23. Qc2 {[%clk 0:09:43]} Bg6 {[%clk 0:31:37]} 24. Rd1
{[%clk 0:09:24]} Qc4 {[%clk 0:24:24]} 1/2-1/2

[Event "V4 Liptov 2017"]
[Site "?"]
[Date "2017.06.23"]
[Round "5.17"]
[White "Kulesza, Andrzej"]
[Black "Sivcak, Matej"]
[Result "1-0"]
[BlackElo "1743"]
[WhiteElo "1670"]
[LiveChessVersion "1.4.8"]

1. e4 {[%clk 1:00:25]} e5 {[%clk 1:00:59]} 2. Nf3 {[%clk 1:00:39]} d6
{[%clk 1:01:25]} 3. d4 {[%clk 1:00:28]} Nd7 {[%clk 1:01:46]} 4. c3
{[%clk 1:00:28]} Ngf6 {[%clk 0:57:47]} 5. Bd3 {[%clk 0:59:46]} c6
{[%clk 0:57:36]} 6. O-O {[%clk 0:58:43]} Qc7 {[%clk 0:57:37]} 7. Bc2
{[%clk 0:57:49]} Be7 {[%clk 0:56:56]} 8. Nbd2 {[%clk 0:57:24]} O-O
{[%clk 0:56:46]} 9. Re1 {[%clk 0:56:45]} b5 {[%clk 0:56:52]} 10. Nf1
{[%clk 0:56:45]} Bb7 {[%clk 0:55:12]} 11. Ng3 {[%clk 0:55:17]} Nb6
{[%clk 0:53:34]} 12. Nf5 {[%clk 0:54:29]} Bc8 {[%clk 0:53:17]} 13. h3
{[%clk 0:53:11]} Bxf5 {[%clk 0:49:17]} 14. exf5 {[%clk 0:53:39]} exd4
{[%clk 0:49:11]} 15. Nxd4 {[%clk 0:53:53]} Nfd5 {[%clk 0:48:06]} 16. Be4
{[%clk 0:51:40]} Rfe8 {[%clk 0:46:37]} 17. Nxb5 {[%clk 0:50:34]} Qd7
{[%clk 0:42:19]} 18. Nd4 {[%clk 0:50:43]} Bf6 {[%clk 0:41:40]} 19. Bd2
{[%clk 0:48:15]} Bxd4 {[%clk 0:40:45]} 20. cxd4 {[%clk 0:48:39]} Nf6
{[%clk 0:41:00]} 21. f3 {[%clk 0:47:09]} d5 {[%clk 0:40:52]} 22. Bd3
{[%clk 0:47:19]} Qd6 {[%clk 0:39:52]} 23. Qc2 {[%clk 0:42:19]} h6
{[%clk 0:39:01]} 24. a3 {[%clk 0:39:36]} Rad8 {[%clk 0:36:25]} 25. Bb4
{[%clk 0:39:49]} Qd7 {[%clk 0:35:54]} 26. Re5 {[%clk 0:37:05]} Nc4
{[%clk 0:34:16]} 27. Bxc4 {[%clk 0:35:54]} dxc4 {[%clk 0:34:34]} 28. Qxc4
{[%clk 0:36:10]} Qxd4+ {[%clk 0:34:27]} 29. Qxd4 {[%clk 0:36:36]} Rxd4
{[%clk 0:34:31]} 30. Rxe8+ {[%clk 0:36:39]} Nxe8 {[%clk 0:34:59]} 31. Re1
{[%clk 0:36:53]} Nd6 {[%clk 0:34:54]} 32. Bxd6 {[%clk 0:37:02]} Rxd6
{[%clk 0:35:20]} 33. Re8+ {[%clk 0:37:24]} Kh7 {[%clk 0:35:40]} 34. Re7
{[%clk 0:37:51]} Rf6 {[%clk 0:33:17]} 35. g4 {[%clk 0:37:29]} a6 {[%clk 0:33:44]}
36. Ra7 {[%clk 0:37:54]} c5 {[%clk 0:34:07]} 37. Rb7 {[%clk 0:38:03]} g6
{[%clk 0:31:12]} 38. fxg6+ {[%clk 0:38:28]} Kxg6 {[%clk 0:31:31]} 39. Kg2
{[%clk 0:38:53]} Rc6 {[%clk 0:31:39]} 40. Kg3 {[%clk 0:39:16]} c4
{[%clk 0:31:04]} 41. h4 {[%clk 0:39:30]} Kg7 {[%clk 0:28:57]} 42. a4
{[%clk 0:39:53]} Rc5 {[%clk 0:27:00]} 43. Rb6 {[%clk 0:39:18]} Ra5
{[%clk 0:26:15]} 44. Rb4 {[%clk 0:39:43]} Rc5 {[%clk 0:26:35]} 45. Kf4
{[%clk 0:39:43]} c3 {[%clk 0:26:00]} 46. bxc3 {[%clk 0:40:09]} Rxc3
{[%clk 0:26:23]} 47. Kg3 {[%clk 0:40:06]} Ra3 {[%clk 0:24:47]} 48. Kf4
{[%clk 0:38:11]} a5 {[%clk 0:24:29]} 49. Rc4 {[%clk 0:38:33]} Rb3
{[%clk 0:19:54]} 50. Ke4 {[%clk 0:38:56]} Kf6 {[%clk 0:17:34]} 51. f4
{[%clk 0:38:55]} Rb1 {[%clk 0:11:35]} 52. g5+ {[%clk 0:36:26]} hxg5
{[%clk 0:11:07]} 53. hxg5+ {[%clk 0:36:49]} Kg6 {[%clk 0:05:55]} 54. Ke5
{[%clk 0:36:49]} Rb4 {[%clk 0:01:33]} 55. Rxb4 {[%clk 0:36:57]} axb4
{[%clk 0:01:29]} 56. Kd4 {[%clk 0:37:23]} Kf5 {[%clk 0:01:25]} 57. a5
{[%clk 0:37:31]} b3 {[%clk 0:00:37]} 58. Kc3 {[%clk 0:37:57]} b2 {[%clk 0:01:03]}
59. Kxb2 {[%clk 0:38:23]} Kxf4 {[%clk 0:01:29]} 60. a6 {[%clk 0:38:49]} Kxg5
{[%clk 0:01:47]} 61. a7 {[%clk 0:39:17]} Kf4 {[%clk 0:01:44]} 62. a8=Q
{[%clk 0:39:26]} f5 {[%clk 0:01:38]} 63. Qa6 {[%clk 0:39:53]} Kg3
{[%clk 0:00:59]} 64. Qf1 {[%clk 0:40:18]} 1-0

[Event "V4 Liptov 2017"]
[Site "?"]
[Date "2017.06.23"]
[Round "5.18"]
[White "Sulkowski, Dawid"]
[Black "Sobelga, Lukasz"]
[Result "1-0"]
[BlackElo "1459"]
[WhiteElo "1466"]
[LiveChessVersion "1.4.8"]

1. e4 {[%clk 1:00:57]} e5 {[%clk 0:59:55]} 2. Nf3 {[%clk 1:01:18]} Nc6
{[%clk 0:59:33]} 3. d4 {[%clk 1:01:41]} exd4 {[%clk 0:59:50]} 4. Nxd4
{[%clk 1:02:05]} Bc5 {[%clk 1:00:08]} 5. Nxc6 {[%clk 1:02:21]} bxc6
{[%clk 1:00:27]} 6. Bc4 {[%clk 1:02:38]} Bb6 {[%clk 0:59:23]} 7. Nc3
{[%clk 1:01:30]} Ne7 {[%clk 0:58:04]} 8. Qf3 {[%clk 0:58:29]} O-O
{[%clk 0:57:55]} 9. O-O {[%clk 0:58:43]} Ng6 {[%clk 0:57:15]} 10. Qg3
{[%clk 0:54:02]} Bb7 {[%clk 0:53:08]} 11. Bg5 {[%clk 0:49:49]} Qc8
{[%clk 0:53:18]} 12. h4 {[%clk 0:45:21]} d6 {[%clk 0:51:02]} 13. h5
{[%clk 0:40:27]} Ne5 {[%clk 0:51:08]} 14. Bf6 {[%clk 0:37:27]} Ng4
{[%clk 0:50:11]} 15. Bh4 {[%clk 0:30:42]} Kh8 {[%clk 0:47:54]} 16. Be2
{[%clk 0:21:50]} Ne5 {[%clk 0:46:22]} 17. h6 {[%clk 0:20:41]} Ng6
{[%clk 0:45:32]} 18. hxg7+ {[%clk 0:18:35]} Kxg7 {[%clk 0:45:43]} 19. Bg4
{[%clk 0:18:13]} Qe8 {[%clk 0:45:08]} 20. Bg5 {[%clk 0:10:47]} Qe5
{[%clk 0:44:01]} 21. Qxe5+ {[%clk 0:09:21]} Nxe5 {[%clk 0:44:16]} 22. Bf5
{[%clk 0:08:41]} f6 {[%clk 0:42:18]} 23. Bf4 {[%clk 0:08:10]} Bc8
{[%clk 0:42:07]} 24. Bxc8 {[%clk 0:08:16]} Raxc8 {[%clk 0:42:29]} 25. Rad1
{[%clk 0:07:14]} Kf7 {[%clk 0:42:13]} 26. Na4 {[%clk 0:06:01]} Ke6
{[%clk 0:40:17]} 27. Nxb6 {[%clk 0:05:58]} axb6 {[%clk 0:39:53]} 28. f3
{[%clk 0:05:45]} Ra8 {[%clk 0:40:04]} 29. Ra1 {[%clk 0:05:42]} Rfe8
{[%clk 0:38:41]} 30. Kf2 {[%clk 0:05:37]} d5 {[%clk 0:38:56]} 31. exd5+
{[%clk 0:03:52]} cxd5 {[%clk 0:39:17]} 32. Rh1 {[%clk 0:03:25]} Re7
{[%clk 0:38:13]} 33. Bxe5 {[%clk 0:03:04]} fxe5 {[%clk 0:38:19]} 34. Rh6+
{[%clk 0:03:12]} Kd7 {[%clk 0:38:26]} 35. a3 {[%clk 0:03:23]} Rf8
{[%clk 0:38:18]} 36. Rah1 {[%clk 0:03:25]} Rff7 {[%clk 0:37:54]} 37. c3
{[%clk 0:02:49]} Kc8 {[%clk 0:37:21]} 38. Rc6 {[%clk 0:01:49]} Kb7
{[%clk 0:37:18]} 39. Rhh6 {[%clk 0:01:58]} e4 {[%clk 0:36:13]} 40. Rce6
{[%clk 0:01:27]} exf3 {[%clk 0:35:39]} 41. gxf3 {[%clk 0:01:06]} Ka6
{[%clk 0:35:06]} 42. Rxe7 {[%clk 0:01:10]} Rxe7 {[%clk 0:35:33]} 43. Rh5
{[%clk 0:01:30]} c6 {[%clk 0:35:47]} 44. f4 {[%clk 0:01:42]} Kb5 {[%clk 0:35:51]}
45. f5 {[%clk 0:01:33]} Kc4 {[%clk 0:35:23]} 46. Rh6 {[%clk 0:01:47]} Rc7
{[%clk 0:35:38]} 47. Kf3 {[%clk 0:01:39]} b5 {[%clk 0:34:29]} 48. Kf4
{[%clk 0:01:40]} c5 {[%clk 0:34:45]} 49. f6 {[%clk 0:01:47]} d4 {[%clk 0:34:50]}
50. cxd4 {[%clk 0:01:38]} cxd4 {[%clk 0:35:13]} 51. Kf5 {[%clk 0:01:42]} d3
{[%clk 0:34:19]} 52. Rh4+ {[%clk 0:01:46]} Kd5 {[%clk 0:34:11]} 53. Rh1
{[%clk 0:01:28]} Rc2 {[%clk 0:33:04]} 54. Rxh7 {[%clk 0:00:55]} d2
{[%clk 0:32:49]} 55. Rd7+ {[%clk 0:00:45]} Kc6 {[%clk 0:32:50]} 56. Rd3
{[%clk 0:00:58]} Rc5+ {[%clk 0:31:54]} 57. Ke6 {[%clk 0:01:13]} Rc1
{[%clk 0:31:28]} 58. Rxd2 {[%clk 0:01:35]} Re1+ {[%clk 0:31:52]} 59. Kf7
{[%clk 0:01:52]} Rg1 {[%clk 0:31:28]} 60. Kf8 {[%clk 0:01:52]} Rf1
{[%clk 0:31:36]} 61. f7 {[%clk 0:02:12]} Kc7 {[%clk 0:31:46]} 62. Re2
{[%clk 0:01:56]} Kd7 {[%clk 0:31:59]} 63. Re7+ {[%clk 0:02:07]} Kd8
{[%clk 0:32:25]} 64. Re5 {[%clk 0:01:40]} b4 {[%clk 0:32:17]} 65. axb4
{[%clk 0:02:04]} Rf2 {[%clk 0:32:41]} 66. Rg5 {[%clk 0:01:53]} Kd7
{[%clk 0:32:31]} 67. Rg6 {[%clk 0:00:54]} Rf3 {[%clk 0:31:08]} 68. b5
{[%clk 0:01:04]} Rf4 {[%clk 0:31:27]} 69. b6 {[%clk 0:01:18]} Rf2
{[%clk 0:31:53]} 70. Kg8 {[%clk 0:00:55]} Ke7 {[%clk 0:32:17]} 71. Rg7
{[%clk 0:01:13]} 1-0